[Event "Israeli Open Championship 2019"]
[Site "Jerusalem"]
[Date "2019.12.18"]
[Round "6.14"]
[White "Kuritz, Zvi"]
[Black "Friedland, Moshe"]
[Result "*"]
[WhiteElo "1907"]
[BlackElo "2267"]
[Annotator "TA"]
[PlyCount "39"]
[EventDate "2019.12.12"]
[EventType "swiss"]
[EventCountry "ISR"]
[SourceTitle "playchess.com"]
[Source "ChessBase"]
[SourceQuality "1"]

{[%evp 10,14,-6,-40,-6,-7,-9]} 1. e4 c5 2. Nc3 a6 3. a4 Nc6 4. f4 g6 5. Nf3 Bg7 6. Bc4 d6 {B23: Closed Sicilian: Lines without g3} 7. d3 (7. O-O Nf6 8. d3 O-O 9. Qe1 Nd4 10. Nxd4 cxd4 11. Nd1 d5 12. Bb3 dxe4 13. dxe4 Nd7 14. Nf2 Nc5 15. Bc4 Bd7 16. a5 Rc8 17. Qb4 {0-1 (42) Obregon Rivero,J (2526)-Gomez Garrido,C (2504) Panama City 2013}) 7... e6 {Predecessor:} 8. O-O $146 Nge7 9. Qe1 O-O 10. Qh4 Nd4 11. Nxd4 cxd4 12. Ne2 Nc6 13. Qf2 d5 14. Bb3 dxe4 15. dxe4 Qa5 16. e5 Rd8 17. Rd1 Qb4 18. Bd2 Qb6 19. Bc3 Bf8 20. a5 {½-½ (64) Svicevic,R (2227)-Ostojic,K (2134) Belgrade 2018} *

[Event "Israeli Open Championship 2019"]
[Site "Jerusalem"]
[Date "2019.12.18"]
[Round "6.14"]
[White "Kuritz, Zvi"]
[Black "Friedland, Moshe"]
[Result "0-1"]
[WhiteElo "1907"]
[BlackElo "2267"]
[Annotator "ChessBase"]
[PlyCount "74"]
[EventDate "2019.12.12"]
[EventType "swiss"]
[EventCountry "ISR"]
[SourceTitle "playchess.com"]
[Source "ChessBase"]
[SourceQuality "1"]
[TimeControl "5400+30"]

1. e4 {[%emt 0:00:00]} c5 {[%emt 0:00:00]} 2. Nc3 {[%emt 0:00:00]} a6 {[%emt 0:00:00]} 3. a4 {[%emt 0:00:00]} Nc6 {[%emt 0:00:58]} 4. f4 {[%emt 0:00:06]} g6 {[%emt 0:01:22]} 5. Nf3 {[%emt 0:00:59]} Bg7 {[%emt 0:00:06]} 6. Bc4 {[%emt 0:01:27]} d6 {[%emt 0:01:11]} 7. d3 {[%emt 0:06:50]} e6 {[%emt 0:00:07]} 8. Bb3 {[%emt 0:03:21]} Nge7 {[%emt 0:01:24]} 9. Ne2 {[%emt 0:02:33]} d5 10. e5 {[%emt 1:19:44]} Bd7 {[%emt 0:11:50]} 11. c3 {[%emt 0:00:00]} b5 {[%emt 0:01:21]} 12. O-O {[%emt 0:00:00]} Qb6 {[%emt 0:12:43]} 13. Be3 {[%emt 0:00:00]} Rb8 {[%emt 0:03:13]} 14. axb5 {[%emt 0:00:00]} axb5 {[%emt 0:00:35]} 15. d4 {[%emt 0:00:00]} c4 {[%emt 0:00:29]} 16. Bc2 {[%emt 0:00:00]} b4 {[%emt 0:00:19]} 17. Ba4 {[%emt 0:00:00]} h6 {[%emt 0:05:46]} 18. Kh1 {[%emt 0:00:00]} Kd8 {[%emt 0:00:44]} 19. Bd2 {[%emt 0:00:00]} Kc7 {[%emt 0:01:57]} 20. cxb4 {[%emt 0:00:00]} Nxb4 {[%emt 0:01:34]} 21. b3 {[%emt 0:00:00]} Rhc8 {[%emt 0:09:30]} 22. bxc4 {[%emt 0:00:00]} dxc4 {[%emt 0:00:14]} 23. Bxd7 {[%emt 0:00:00]} Kxd7 {[%emt 0:00:14]} 24. Qa4+ {[%emt 0:00:00]} Nec6 {[%emt 0:02:57]} 25. Rab1 {[%emt 0:00:00]} Bf8 {[%emt 0:05:05]} 26. Rfc1 {[%emt 0:00:00]} Qa7 {[%emt 0:12:34]} 27. Qd1 {[%emt 0:00:00]} Nd3 {[%emt 0:00:45]} 28. Be3 {[%emt 0:00:00]} Nxc1 {[%emt 0:01:28]} 29. Rxc1 {[%emt 0:00:00]} Ke8 {[%emt 0:05:42]} 30. Rxc4 {[%emt 0:00:00]} Nb4 {[%emt 0:01:24]} 31. Rxc8+ {[%emt 0:00:00]} Rxc8 {[%emt 0:00:07]} 32. d5 {[%emt 0:00:00]} Qxe3 {[%emt 0:09:31]} 33. Qa4+ {[%emt 0:00:00]} Nc6 {[%emt 0:01:42]} 34. dxc6 {[%emt 0:00:00]} Qxe2 {[%emt 0:01:06]} 35. c7+ {[%emt 0:00:00]} Ke7 {[%emt 0:00:03]} 36. Qc6 {[%emt 0:00:00]} Qd1+ {[%emt 0:00:36]} 37. Ng1 {[%emt 0:00:00]} Qd7 {[%emt 0:00:13]} 0-1

[Event "Israeli Open Championship 2019"]
[Site "Jerusalem"]
[Date "2019.12.18"]
[Round "6.15"]
[White "Gunders, Elad"]
[Black "Slonimskij, Arkadij"]
[Result "1/2-1/2"]
[WhiteElo "1803"]
[BlackElo "2133"]
[Annotator "ChessBase"]
[PlyCount "106"]
[EventDate "2019.12.12"]
[EventType "swiss"]
[EventCountry "ISR"]
[SourceTitle "playchess.com"]
[Source "ChessBase"]
[SourceQuality "1"]
[TimeControl "5400+30"]

1. d4 {[%emt 0:00:00]} Nf6 {[%emt 0:00:00]} 2. Bf4 {[%emt 0:00:00]} d5 {[%emt 0:00:30]} 3. Nf3 {[%emt 0:00:00]} e6 {[%emt 0:00:16]} 4. e3 {[%emt 0:00:00]} c5 {[%emt 0:00:53]} 5. Nbd2 {[%emt 0:00:47]} Nc6 {[%emt 0:02:21]} 6. c3 {[%emt 0:00:08]} Nh5 {[%emt 0:01:17]} 7. Bg5 {[%emt 0:04:05]} Qb6 {[%emt 0:03:18]} 8. Qb3 {[%emt 0:06:01]} h6 {[%emt 0:01:53]} 9. Bh4 {[%emt 0:01:13]} f5 {[%emt 0:00:39]} 10. Bg3 {[%emt 0:02:55]} Nxg3 {[%emt 0:03:04]} 11. hxg3 {[%emt 0:00:19]} Qc7 {[%emt 0:00:14]} 12. Bb5 {[%emt 0:03:46]} c4 {[%emt 0:01:52]} 13. Qd1 {[%emt 0:02:16]} Bd6 {[%emt 0:00:58]} 14. Nh4 {[%emt 0:02:39]} Qf7 {[%emt 0:00:24]} 15. Nhf3 {[%emt 0:10:54]} Bd7 {[%emt 0:01:09]} 16. Bxc6 {[%emt 0:00:26]} Bxc6 {[%emt 0:00:42]} 17. Ne5 {[%emt 0:00:15]} Bxe5 {[%emt 0:01:23]} 18. dxe5 {[%emt 0:00:04]} O-O {[%emt 0:00:29]} 19. Qh5 {[%emt 0:01:21]} b5 {[%emt 0:07:57]} 20. Qxf7+ {[%emt 0:07:07]} Rxf7 {[%emt 0:01:06]} 21. Nf3 {[%emt 0:00:29]} Rb7 {[%emt 0:00:12]} 22. Nd4 {[%emt 0:00:21]} Bd7 {[%emt 0:00:02]} 23. a3 {[%emt 0:02:40]} a5 {[%emt 0:00:02]} 24. Kd2 {[%emt 0:01:34]} Rab8 {[%emt 0:00:28]} 25. Nc2 {[%emt 0:08:15]} Kf7 {[%emt 0:00:19]} 26. f4 {[%emt 0:05:20]} Rg8 {[%emt 0:01:46]} 27. Ke2 {[%emt 0:01:48]} Kg6 {[%emt 0:02:01]} 28. Kf2 {[%emt 0:02:40]} Bc8 {[%emt 0:02:33]} 29. Rh4 {[%emt 0:03:17]} Bd7 {[%emt 0:02:40]} 30. Rah1 {[%emt 0:01:24]} Kf7 {[%emt 0:01:14]} 31. Ra1 {[%emt 0:00:55]} Rbb8 {[%emt 0:01:27]} 32. Rhh1 {[%emt 0:09:18]} Ke7 {[%emt 0:01:22]} 33. Rh4 {[%emt 0:03:07]} Rh8 {[%emt 0:00:14]} 34. Rhh1 {[%emt 0:03:37]} Rbg8 {[%emt 0:01:10]} 35. Nd4 {[%emt 0:02:01]} Be8 {[%emt 0:01:19]} 36. Rab1 {[%emt 0:02:31]} Bd7 {[%emt 0:01:07]} 37. Ra1 {[%emt 0:01:42]} Kd8 {[%emt 0:04:01]} 38. Rh4 {[%emt 0:03:35]} Kc7 {[%emt 0:01:01]} 39. Rhh1 {[%emt 0:00:55]} Kb6 {[%emt 0:00:37]} 40. Nc2 {[%emt 0:00:11]} Ra8 {[%emt 0:00:54]} 41. Ke2 {[%emt 0:00:29]} Kc5 {[%emt 0:01:34]} 42. Kf2 {[%emt 0:00:42]} Ra6 {[%emt 0:00:58]} 43. Ke2 {[%emt 0:00:40]} Rha8 {[%emt 0:00:12]} 44. Rhg1 {[%emt 0:02:35]} Be8 {[%emt 0:00:29]} 45. Rh1 {[%emt 0:00:11]} Bf7 {[%emt 0:00:50]} 46. Kf2 {[%emt 0:00:09]} Rg8 {[%emt 0:00:46]} 47. Rh2 {[%emt 0:01:04]} h5 {[%emt 0:02:31]} 48. Rhh1 {[%emt 0:00:57]} Raa8 {[%emt 0:02:23]} 49. Rhg1 {[%emt 0:00:47]} Rh8 {[%emt 0:01:41]} 50. Rh1 {[%emt 0:00:07]} Rag8 {[%emt 0:00:18]} 51. Rab1 {[%emt 0:02:52]} a4 {[%emt 0:06:59]} 52. Rh2 {[%emt 0:01:09]} g5 {[%emt 0:00:43]} 53. Rbh1 {[%emt 0:00:42]} Rg7 {[%emt 0:04:41]} 1/2-1/2

[Event "Israeli Open Championship 2019"]
[Site "Jerusalem"]
[Date "2019.12.18"]
[Round "6.16"]
[White "Har-Even, Abir"]
[Black "Sobel, Ido"]
[Result "0-1"]
[WhiteElo "2104"]
[BlackElo "1711"]
[Annotator "NA"]
[PlyCount "157"]
[EventDate "2019.12.12"]
[EventType "swiss"]
[EventCountry "ISR"]
[SourceTitle "playchess.com"]
[Source "ChessBase"]
[SourceQuality "1"]
[TimeControl "5400+30"]

1. Nf3 {[%emt 0:00:00]} Nf6 {[%emt 0:00:23]} 2. d3 {[%emt 0:00:30]} d5 {[%emt 0:00:47]} 3. g3 {[%emt 0:00:08]} Bf5 {[%emt 0:02:54]} 4. Bg2 {[%emt 0:00:34]} c6 {[%emt 0:01:27]} 5. O-O {[%emt 0:02:41]} Nbd7 {[%emt 0:03:41]} 6. Nh4 {[%emt 0:05:42]} Bg6 {[%emt 0:07:14] A07: Réti Opening: New York and Capablanca Systems} (6... Be6 7. Nd2 g6 8. Ndf3 Bg7 9. Ng5 Nf8 10. Nxe6 Nxe6 11. e3 O-O 12. f4 Qb6 13. Kh1 Rad8 14. Qe2 {0-1 (25) Karjakin,S (2760)-Savchenko,B (2632) Moscow 2010}) 7. Nxg6 {[%emt 0:05:10]} hxg6 {[%emt 0:00:17]} 8. Nc3 {[%emt 0:02:22]} e6 {[%emt 0:08:59]} 9. e4 {[%emt 0:08:56]} Qc7 $146 {[%emt 0:06:56]} ({Predecessor:} 9... Be7 10. d4 dxe4 11. Nxe4 Nxe4 12. Bxe4 Nf6 13. Bg2 Qa5 14. Bd2 {½-½ (60) Doan,V (2142)-Luong,D (1767) Ho Chi Minh 2019}) 10. exd5 {[%emt 0:06:04]} Nxd5 {[%emt 0:02:21]} 11. Nxd5 {[%emt 0:06:49]} cxd5 {[%emt 0:00:12]} 12. Qe2 {[%emt 0:05:29]} Nf6 {[%emt 0:07:48]} 13. c4 {[%emt 0:02:09]} Rd8 {[%emt 0:02:33]} 14. Bg5 {[%emt 0:02:12]} dxc4 {[%emt 0:01:50]} 15. dxc4 {[%emt 0:04:00]} Be7 {[%emt 0:01:52]} 16. Rfd1 {[%emt 0:05:44]} O-O {[%emt 0:01:15]} 17. a3 {[%emt 0:04:11]} b6 {[%emt 0:06:53]} 18. b4 {[%emt 0:02:05]} Rxd1+ {[%emt 0:00:31]} 19. Rxd1 {[%emt 0:00:21]} Rd8 {[%emt 0:00:26]} 20. Rxd8+ {[%emt 0:01:25]} Qxd8 {[%emt 0:00:53]} 21. Qd2 {[%emt 0:00:27]} Qxd2 {[%emt 0:03:27]} 22. Bxd2 {[%emt 0:00:07]} Bd6 {[%emt 0:00:06]} 23. h3 {[%emt 0:11:13]} Nd7 {[%emt 0:01:38]} 24. f4 {[%emt 0:04:07]} Kf8 {[%emt 0:04:43]} 25. Kf2 {[%emt 0:02:58]} Ke7 {[%emt 0:01:45]} 26. Bc6 {[%emt 0:02:07]} Kd8 {[%emt 0:07:17]} 27. Bc3 $16 {[%emt 0:00:22]} Bf8 {[%emt 0:00:59]} 28. g4 {[%emt 0:02:32]} Kc7 {[%emt 0:12:53]} 29. Ba4 {[%emt 0:01:29]} Bd6 {[%emt 0:02:51]} 30. Kf3 {[%emt 0:00:36]} f6 {[%emt 0:00:29]} 31. Bc2 {[%emt 0:02:33]} Nf8 {[%emt 0:00:01]} 32. Ke4 {[%emt 0:01:26]} Nd7 {[%emt 0:03:32]} 33. Ba4 {[%emt 0:00:12]} Be7 {[%emt 0:04:09]} 34. Kf3 {[%emt 0:02:34]} Bf8 {[%emt 0:01:16]} 35. Bc2 {[%emt 0:01:11]} f5 {[%emt 0:00:23]} 36. g5 {[%emt 0:00:51]} Kd6 {[%emt 0:02:04]} 37. Ba4 {[%emt 0:01:02]} Kc7 {[%emt 0:00:56]} 38. h4 {[%emt 0:01:48]} Kd8 {[%emt 0:00:18]} 39. Ke3 {[%emt 0:00:49]} Ke7 {[%emt 0:00:41]} 40. Bd4 {[%emt 0:00:41]} Kd8 {[%emt 0:00:24]} 41. Bb5 {[%emt 0:02:13]} Kc7 {[%emt 0:00:34]} 42. Ba4 {[%emt 0:01:12]} Kd8 {[%emt 0:00:11]} 43. Bb3 {[%emt 0:00:19]} Ke8 {[%emt 0:00:44]} 44. Kd3 {[%emt 0:00:44]} Bd6 {[%emt 0:00:32]} 45. Be3 {[%emt 0:01:48]} e5 {[%emt 0:00:41]} 46. fxe5 {[%emt 0:00:23]} Bxe5 {[%emt 0:00:28]} 47. c5 {[%emt 0:00:18]} bxc5 {[%emt 0:00:29]} 48. bxc5 {[%emt 0:00:02]} Bg3 {[%emt 0:00:09]} 49. Bd4 {[%emt 0:00:53]} Bxh4 {[%emt 0:00:40]} 50. Ba4 {[%emt 0:00:22]} Kd8 {[%emt 0:00:20]} 51. Be3 {[%emt 0:00:59]} f4 {[%emt 0:00:14]} 52. Bxd7 {[%emt 0:00:19]} fxe3 {[%emt 0:01:03]} 53. Bc6 {[%emt 0:00:20]} Bxg5 {[%emt 0:00:14]} 54. Be4 {[%emt 0:00:06]} Be7 {[%emt 0:00:22]} 55. Kxe3 {[%emt 0:01:11]} Bxc5+ {[%emt 0:00:01]} 56. Kf4 {[%emt 0:00:02]} Bxa3 {[%emt 0:00:31]} 57. Bxg6 {[%emt 0:00:56]} Kc7 {[%emt 0:00:38]} 58. Ke4 {[%emt 0:00:11]} Kd6 {[%emt 0:00:18]} 59. Be8 {[%emt 0:00:46]} Kc5 {[%emt 0:00:13]} 60. Bg6 {[%emt 0:00:30]} Kb4 {[%emt 0:00:15]} 61. Kd3 {[%emt 0:00:04]} Bb2 {[%emt 0:01:01]} 62. Kc2 {[%emt 0:00:25]} Bf6 {[%emt 0:00:30]} 63. Kd3 {[%emt 0:00:33]} a5 {[%emt 0:00:12]} 64. Kc2 {[%emt 0:00:14]} a4 {[%emt 0:00:33]} 65. Kb1 {[%emt 0:00:18]} a3 {[%emt 0:00:08]} 66. Ka2 {[%emt 0:00:14]} Bb2 {[%emt 0:00:07]} 67. Kb1 {[%emt 0:00:23]} Kc3 {[%emt 0:00:07]} 68. Ka2 {[%emt 0:00:08]} Kd4 {[%emt 0:00:18]} 69. Kb1 {[%emt 0:00:22]} Ke5 {[%emt 0:00:08]} 70. Kc2 {[%emt 0:00:27]} Kf6 {[%emt 0:00:09]} 71. Bd3 {[%emt 0:00:31]} g5 {[%emt 0:00:17]} 72. Bc4 {[%emt 0:00:17]} Kf5 {[%emt 0:00:41]} 73. Kd3 {[%emt 0:00:11]} Kf4 {[%emt 0:00:23]} 74. Ke2 {[%emt 0:00:12]} Kg3 {[%emt 0:00:01]} 75. Kf1 {[%emt 0:00:33]} Kh2 {[%emt 0:00:01]} 76. Bd5 {[%emt 0:01:19]} g4 {[%emt 0:00:03]} 77. Ke2 {[%emt 0:00:18]} g3 {[%emt 0:00:07]} 78. Kd2 {[%emt 0:00:06]} a2 {[%emt 0:00:15]} 79. Kc2 {[%emt 0:01:20]} 0-1

[Event "Israeli Open Championship 2019"]
[Site "Jerusalem"]
[Date "2019.12.18"]
[Round "6.17"]
[White "Levin, Natan"]
[Black "Gruzman, Ilya"]
[Result "0-1"]
[WhiteElo "1807"]
[BlackElo "1889"]
[Annotator "NA"]
[PlyCount "97"]
[EventDate "2019.12.12"]
[EventType "swiss"]
[EventCountry "ISR"]
[SourceTitle "playchess.com"]
[Source "ChessBase"]
[SourceQuality "1"]
[TimeControl "5400+30"]

1. d4 {[%emt 0:11:35]} Nf6 {[%emt 0:00:00]} 2. Nf3 {[%emt 0:00:17]} d5 {[%emt 0:00:00]} 3. c3 {[%emt 0:00:33]} c5 {[%emt 0:00:00]} 4. a3 {[%emt 0:00:30]} e6 {[%emt 0:05:01]} 5. g3 {[%emt 0:01:55]} Nc6 {[%emt 0:04:08]} 6. Bg2 {[%emt 0:01:45]} Bd6 {[%emt 0:02:15]} 7. O-O {[%emt 0:01:43]} Ne4 {[%emt 0:04:28]} 8. Nbd2 {[%emt 0:04:12]} Nxd2 {[%emt 0:00:23]} 9. Qxd2 {[%emt 0:00:58]} O-O {[%emt 0:07:52]} 10. dxc5 {[%emt 0:01:25]} Bxc5 {[%emt 0:00:10]} 11. b4 {[%emt 0:02:46]} Be7 $11 {[%emt 0:01:36]} 12. Rd1 {[%emt 0:01:11]} Bf6 {[%emt 0:00:40]} 13. Bb2 {[%emt 0:01:33]} b5 {[%emt 0:08:07]} 14. a4 {[%emt 0:02:42]} Qb6 {[%emt 0:11:30]} 15. axb5 {[%emt 0:03:07]} Qxb5 {[%emt 0:02:33]} 16. Bf1 {[%emt 0:00:42]} Qb6 {[%emt 0:03:02]} 17. e3 {[%emt 0:02:43]} Bb7 {[%emt 0:01:25]} 18. Qe2 {[%emt 0:12:14]} a6 {[%emt 0:08:51]} 19. Rab1 {[%emt 0:02:56]} e5 {[%emt 0:06:03]} 20. Ba1 {[%emt 0:03:37]} e4 {[%emt 0:05:25]} 21. Ne1 {[%emt 0:02:36]} Ne5 {[%emt 0:00:51]} 22. b5 {[%emt 0:04:23]} a5 {[%emt 0:04:11]} 23. Bg2 {[%emt 0:05:23]} Rac8 {[%emt 0:01:14]} 24. Nc2 {[%emt 0:10:41]} Nc4 {[%emt 0:00:48]} 25. Nd4 {[%emt 0:01:28]} Rc5 {[%emt 0:01:50]} 26. Qa2 {[%emt 0:04:41]} Bxd4 {[%emt 0:01:23]} 27. cxd4 {[%emt 0:00:54]} Rxb5 {[%emt 0:01:20]} 28. Bc3 {[%emt 0:05:57]} Ra8 {[%emt 0:02:46]} 29. Bf1 {[%emt 0:01:12]} Bc6 {[%emt 0:03:36]} 30. Rxb5 {[%emt 0:01:42]} Bxb5 {[%emt 0:01:14]} 31. Bb4 {[%emt 0:00:28]} Qa6 {[%emt 0:02:05]} 32. Bc5 {[%emt 0:00:42]} a4 {[%emt 0:00:43]} 33. Bxc4 {[%emt 0:03:47]} Bxc4 {[%emt 0:00:23]} 34. Qa3 {[%emt 0:01:21]} Rb8 {[%emt 0:00:58]} 35. Ra1 {[%emt 0:00:36]} Rb3 {[%emt 0:01:04]} 36. Qc1 {[%emt 0:00:36]} h6 {[%emt 0:01:11]} 37. h3 {[%emt 0:00:16]} Qb5 {[%emt 0:00:46]} 38. Ba3 {[%emt 0:01:16]} Qa5 {[%emt 0:01:05]} 39. Rb1 {[%emt 0:00:33]} Qb5 {[%emt 0:01:24]} 40. Rxb3 {[%emt 0:00:30]} Qxb3 {[%emt 0:00:45]} 41. Bc5 {[%emt 0:00:31]} Qd3 {[%emt 0:00:51]} 42. Bb4 {[%emt 0:00:57]} Qe2 {[%emt 0:00:39]} 43. Kg2 {[%emt 0:01:28]} Kh7 {[%emt 0:00:58]} 44. Qd2 {[%emt 0:00:58]} Qf1+ {[%emt 0:00:08]} 45. Kh2 {[%emt 0:00:11]} a3 {[%emt 0:01:19]} 46. Qe1 {[%emt 0:00:11]} Qd3 {[%emt 0:00:56]} 47. Bc3 {[%emt 0:00:36]} a2 {[%emt 0:00:34]} 48. Ba1 {[%emt 0:01:01]} Qb1 {[%emt 0:00:25]} 49. Qc3 {[%emt 0:01:11]} 0-1

[Event "Israeli Open Championship 2019"]
[Site "Jerusalem"]
[Date "2019.12.18"]
[Round "6.18"]
[White "Berenboym, Igor"]
[Black "Elsner, Yair"]
[Result "0-1"]
[WhiteElo "2100"]
[BlackElo "1585"]
[Annotator "NA"]
[PlyCount "106"]
[EventDate "2019.12.12"]
[EventType "swiss"]
[EventCountry "ISR"]
[SourceTitle "playchess.com"]
[Source "ChessBase"]
[SourceQuality "1"]
[TimeControl "5400+30"]

1. e4 {[%emt 0:00:38]} c5 {[%emt 0:00:00]} 2. Nf3 {[%emt 0:00:11]} Nc6 {[%emt 0:00:00]} 3. Bb5 {[%emt 0:00:05]} Nf6 {[%emt 0:00:10]} 4. e5 {[%emt 0:00:43]} Nd5 {[%emt 0:00:06]} 5. Nc3 {[%emt 0:00:07]} Nc7 {[%emt 0:02:41]} 6. Bxc6 {[%emt 0:02:20]} dxc6 {[%emt 0:00:13]} 7. d3 {[%emt 0:00:47] B30: Sicilian: 2...Nc6 3 Bb5, lines without ...g6} (7. h3 Ne6 8. O-O g6 9. d3 Bg7 10. Re1 b6 11. Ne4 O-O 12. b3 a5 13. a4 Nd4 14. Bb2 h6 15. Bxd4 cxd4 16. Qd2 c5 17. Re2 Be6 18. Rae1 Qd7 19. Qf4 Rfe8 {½-½ (67) Giri,A (2783)-Demchenko,A (2679) St Petersburg 2018}) 7... g6 {[%emt 0:04:26]} 8. Be3 {[%emt 0:01:01]} b6 {[%emt 0:00:53]} 9. Qd2 {[%emt 0:00:33]} h6 $146 {[%emt 0:04:17]} ({Predecessor:} 9... Ne6 10. Ne4 Bg7 11. Bh6 O-O 12. h4 f5 13. Nc3 f4 14. Bxg7 Kxg7 {1-0 (56) Olofsson Dolk,M (2172)-Winfridsson,H (1971) Vaxjo 2019}) 10. O-O-O {[%emt 0:02:00]} Bg7 {[%emt 0:00:20]} 11. d4 {[%emt 0:03:34]} Bg4 {[%emt 0:11:27]} 12. Ne4 {[%emt 0:24:20]} (12. Qe2 $11) 12... Bxf3 {[%emt 0:06:00]} 13. gxf3 {[%emt 0:00:02]} cxd4 {[%emt 0:00:21]} 14. Bxd4 {[%emt 0:00:18]} Ne6 {[%emt 0:00:20]} 15. Qc3 {[%emt 0:08:54]} Qc7 {[%emt 0:12:04]} 16. f4 {[%emt 0:04:28]} Nxf4 {[%emt 0:04:34]} 17. Rhe1 {[%emt 0:00:07]} (17. Qf3 $17 {might work better.} Ne6 18. Bc3) 17... O-O {[%emt 0:19:44]} 18. Ng3 {[%emt 0:16:09]} Rad8 {[%emt 0:09:53]} 19. Qc4 {[%emt 0:04:46]} Ne6 {[%emt 0:01:10]} 20. Bc3 {[%emt 0:10:17]} Rxd1+ {[%emt 0:02:08]} 21. Kxd1 {[%emt 0:00:01]} Rd8+ {[%emt 0:00:41]} 22. Kc1 {[%emt 0:00:07]} Rd5 $17 {[%emt 0:03:36]} (22... b5 $19 23. Qe4 c5) 23. f4 {[%emt 0:00:14]} b5 {[%emt 0:01:44]} 24. Qe4 {[%emt 0:00:25]} Nc5 {[%emt 0:03:26]} 25. Qe3 {[%emt 0:03:11]} Na4 {[%emt 0:05:05]} 26. Ne4 {[%emt 0:02:02]} Nxc3 27. Nxc3 Rd8 {[%emt 0:02:57]} 28. h4 {[%emt 0:01:41]} Qb6 {[%emt 0:02:05]} 29. Qg3 {[%emt 0:01:02]} Qd4 {[%emt 0:00:56]} 30. Rd1 {[%emt 0:00:38]} Qb6 {[%emt 0:00:13]} 31. Rxd8+ {[%emt 0:01:06]} Qxd8 {[%emt 0:00:06]} 32. h5 {[%emt 0:00:12]} Kh7 {[%emt 0:01:01]} 33. e6 {[%emt 0:01:03]} gxh5 {[%emt 0:01:24]} 34. exf7 {[%emt 0:00:23]} Qd4 {[%emt 0:01:51]} 35. Nd1 {[%emt 0:01:53]} Qd5 {[%emt 0:00:34]} 36. Ne3 {[%emt 0:04:28]} Qxf7 {[%emt 0:00:14]} 37. f5 {[%emt 0:00:00]} Qf6 {[%emt 0:00:33]} 38. Kd2 {[%emt 0:01:20]} Qd6+ {[%emt 0:00:24]} 39. Qxd6 {[%emt 0:00:15]} exd6 {[%emt 0:00:00]} 40. c3 {[%emt 0:00:00]} Be5 {[%emt 0:00:00]} 41. Kd3 {[%emt 0:00:00]} d5 {[%emt 0:00:34]} 42. Ke2 {[%emt 0:00:17]} Kg7 {[%emt 0:00:23]} 43. Nc2 {[%emt 0:00:19]} a5 {[%emt 0:00:14]} 44. b4 {[%emt 0:02:48]} a4 {[%emt 0:00:09]} 45. Kd3 {[%emt 0:00:56]} Kf6 {[%emt 0:00:09]} 46. Ne3 {[%emt 0:01:32]} Bf4 {[%emt 0:00:30]} 47. Nc2 {[%emt 0:00:29]} h4 {[%emt 0:01:35]} 48. Ke2 {[%emt 0:00:18]} h3 {[%emt 0:00:26]} 49. Kf3 {[%emt 0:00:08]} Be5 {[%emt 0:00:22]} 50. Ne3 {[%emt 0:00:15]} h5 {[%emt 0:00:35]} 51. Nd1 {[%emt 0:00:50]} h2 {[%emt 0:00:10]} 52. Kg2 {[%emt 0:00:10]} Kxf5 {[%emt 0:00:19]} 53. Ne3+ {[%emt 0:00:09]} Ke4 {[%emt 0:00:29]} 0-1

[Event "Israeli Open Championship 2019"]
[Site "Jerusalem"]
[Date "2019.12.19"]
[Round "7.1"]
[White "Nabaty, Tamir"]
[Black "Lahav, Michal"]
[Result "1-0"]
[WhiteElo "2647"]
[BlackElo "2244"]
[Annotator "TA"]
[PlyCount "77"]
[EventDate "2019.12.12"]
[EventType "swiss"]
[EventCountry "ISR"]
[SourceTitle "playchess.com"]
[Source "ChessBase"]
[SourceQuality "1"]

{[%evp 15,77,21,32,21,52,42,66,27,36,43,54,64,152,162,218,210,243,127,197,187,237,246,256,250,245,258,238,251,254,246,219,200,270,286,355,359,501,538,618,606,700,567,655,650,636,616,617,559,548,540,577,572,1488,1450,5289,5289,1710,5269,2398,2257,1598,1535,1360,1330]} 1. d4 Nf6 2. Nf3 e6 3. g3 d5 4. Bg2 Be7 5. c4 O-O 6. Qc2 Nbd7 7. O-O Ne4 8. b3 c6 9. Ne1 {E08: Closed Catalan: Main Line: 7 Qc2} (9. Bb2 f5 10. Nbd2 a5 11. Ne1 b5 12. Ndf3 bxc4 13. bxc4 Nd6 14. c5 Nc4 15. Nd3 Bf6 16. Bc3 Qe7 17. a4 Ba6 18. Rfb1 {0-1 (54) Wen,Y (2607)-Sadorra,J (2575) Chengdu 2017}) 9... f5 10. Nd3 Qe8 11. f3 {White is slightly better.} Nd6 12. Nd2 Bf6 13. Bb2 Kh8 $146 (13... Bg5 $14) ({Predecessor:} 13... dxc4 14. Nxc4 Nxc4 15. Qxc4 Nb6 16. Qc2 Qd8 {½-½ (35) Watzlawek,M-Budt,K Germany 1993}) 14. e4 $16 dxc4 (14... fxe4 $142 15. fxe4 Bg5) 15. bxc4 $18 {aiming for e5.} e5 16. Ba3 ({White should try} 16. Rae1 $18) 16... Be7 (16... fxe4 $16 {was worth a try.} 17. fxe4 (17. Bxd6 exd3 18. Qxd3 Rg8 $16) 17... Be7) 17. dxe5 (17. Nxe5 $6 Nxe5 18. dxe5 Nxe4 $14) 17... Nxe4 18. Bxe7 ({Much less strong is} 18. fxe4 $6 Bxa3 19. Qc3 (19. exf5 Nxe5 20. Bh3 Nxd3 $11) (19. Rxf5 Rxf5 20. exf5 Nxe5 $11) 19... Bc5+ 20. Kh1 (20. Nxc5 Nxc5 21. Rad1 Be6 $11) 20... Be3 $16) 18... Nxd2 19. Bxf8 ({Weaker is} 19. Qxd2 Qxe7 20. c5 Rd8 $14) 19... Nxf1 {[#]} 20. Bxg7+ $1 ({Not} 20. Rxf1 Nxf8 21. f4 Qe7 $14) 20... Kxg7 21. Bxf1 Qe7 22. Qc3 Nf8 23. Rd1 Be6 24. Nf4 Rd8 25. Rd6 Kf7 26. c5 {[%cal Bc4c5,Bc5d6][%mdl 32] White is clearly winning.} Rxd6 27. cxd6 Qd8 28. Bc4 Qb6+ 29. Kg2 Bxc4 30. Qxc4+ Ke8 31. e6 {And now Qc3 would win.} Qb2+ 32. Kh3 Qg7 33. e7 Nd7 {Black hopes to continue with ...Qh6+.} 34. Qe6 a5 35. Qxf5 Qh6+ 36. Qh5+ Qxh5+ 37. Nxh5 {Ng7+ would kill now.} Kf7 {[#]} 38. Ng7 $1 {[%mdl 512]} Nf6 {[#]} (38... Kxg7 39. e8=Q) 39. e8=Q+ $1 {[%mdl 64] Promotion. Accuracy: White = 75%, Black = 25%.} 1-0